[Event "59. BEM 2005"]
[Site "Dortmund"]
[Date "2005.03.14"]
[Round "7"]
[White "Henrichs, Thomas"]
[Black "Kartsev, Soel"]
[Result "1-0"]
[WhiteElo "2394"]
[BlackElo "2158"]
[PlyCount "65"]
[EventDate "2005.??.??"]
[Source "SG Dortmund"]
[SourceDate "2004.12.16"]

1. c4 f5 2. Nf3 Nf6 3. g3 g6 4. Bg2 Bg7 5. O-O O-O 6. d4 d6 7. Nc3 Nc6 8. d5
Ne5 9. Nxe5 dxe5 10. Qb3 e6 11. Rd1 exd5 12. cxd5 Kh8 13. Bd2 Ne8 14. Rac1 Nd6
15. Nb5 Rf7 16. Rc2 a6 17. Nxc7 Rxc7 18. Ba5 f4 19. Bxc7 Qf6 20. Bxd6 Qxd6 21.
Rdc1 Bf5 22. Rc7 b5 23. R1c6 Qf8 24. d6 fxg3 25. hxg3 Rd8 26. Qf7 e4 27. Rxa6
Qxf7 28. Rxf7 Bxb2 29. Rfa7 Kg8 30. g4 Bxg4 31. Bxe4 Be5 32. Bd5+ Kf8 33. Rf7+
1-0

[Event "59. BEM 2005"]
[Site "Dortmund"]
[Date "2005.03.14"]
[Round "7"]
[White "Eismont, Igor"]
[Black "Gorval, Evgueni"]
[Result "1-0"]
[WhiteElo "2174"]
[BlackElo "2121"]
[PlyCount "101"]
[EventDate "2005.??.??"]
[Source "SG Dortmund"]
[SourceDate "2004.12.16"]

1. d4 Nf6 2. c4 g6 3. Nc3 Bg7 4. e4 d6 5. Nf3 O-O 6. h3 e5 7. d5 c6 8. Bg5 Qb6
9. a3 Nbd7 10. Be3 Qc7 11. g4 Rd8 12. Nd2 a5 13. Be2 Nc5 14. g5 Nfd7 15. h4 Rf8
16. h5 f5 17. gxf6 Nxf6 18. hxg6 hxg6 19. Rg1 Qf7 20. Qc2 cxd5 21. cxd5 Bd7 22.
Nc4 Ne8 23. Nb6 Rd8 24. O-O-O Nf6 25. Kb1 Be8 26. Bxc5 dxc5 27. d6 Bd7 28. Bc4
Be6 29. Bxe6 Qxe6 30. Rxg6 Rxd6 31. Rdg1 Rf7 32. Nbd5 Qd7 33. Nxf6+ Rdxf6 34.
Rxf6 Rxf6 35. Nd5 Rc6 36. Ne3 Kf8 37. Nf5 Bf6 38. Qc4 Qe6 39. Qa4 b6 40. Qd1 c4
41. Rg3 b5 42. Qd2 Qf7 43. Qxa5 Qd7 44. Qxb5 Qd1+ 45. Ka2 Qd7 46. Qb4+ Kf7 47.
Rc3 Qc7 48. Rxc4 Rxc4 49. Nd6+ Qxd6 50. Qxd6 Rxe4 51. Qd5+ 1-0

[Event "59. BEM 2005"]
[Site "Dortmund"]
[Date "2005.03.14"]
[Round "7"]
[White "Tkachuk, Sergiy"]
[Black "Hillebrand, Carsten"]
[Result "1-0"]
[WhiteElo "2128"]
[BlackElo "1941"]
[PlyCount "79"]
[EventDate "2005.??.??"]
[Source "SG Dortmund"]
[SourceDate "2004.12.16"]

1. e4 c5 2. Nf3 d6 3. d4 cxd4 4. Nxd4 Nf6 5. Nc3 a6 6. Bc4 e6 7. Bb3 Be7 8. Be3
b5 9. f3 O-O 10. Qd2 Qc7 11. g4 Nc6 12. O-O-O Ne5 13. g5 Nfd7 14. f4 Nc4 15.
Bxc4 bxc4 16. f5 Rb8 17. fxe6 fxe6 18. Nxe6 Qb7 19. b3 cxb3 20. cxb3 Rf7 21.
Rhf1 Ne5 22. Rxf7 Nxf7 23. Nd4 Bd7 24. Nd5 Bd8 25. Kb2 Ne5 26. Rc1 a5 27. Bf4
Qa6 28. Bxe5 dxe5 29. Nf5 Bxf5 30. exf5 e4 31. h4 h6 32. Qf4 Qb5 33. Qxe4 hxg5
34. Qe6+ Kf8 35. hxg5 Bxg5 36. Rh1 Bh6 37. Rxh6 gxh6 38. Qe7+ Kg8 39. Nf6+ Kh8
40. Qh7# 1-0

[Event "59. BEM 2005"]
[Site "Dortmund"]
[Date "2005.03.14"]
[Round "7"]
[White "Litwak, Aleksej"]
[Black "Zeldin, Vitali"]
[Result "1/2-1/2"]
[WhiteElo "2092"]
[BlackElo "1918"]
[PlyCount "76"]
[EventDate "2005.??.??"]
[Source "SG Dortmund"]
[SourceDate "2004.12.16"]

1. e4 e5 2. Nf3 Nc6 3. Bb5 a6 4. Bxc6 dxc6 5. O-O f6 6. d4 exd4 7. Nxd4 c5 8.
Nb3 Qxd1 9. Rxd1 Bd6 10. Na5 b5 11. c4 Ne7 12. Be3 Rb8 13. f4 Bd7 14. b4 Nc6
15. Nxc6 Bxc6 16. bxc5 Be7 17. cxb5 Rxb5 18. Nd2 O-O 19. Nb3 a5 20. Nd4 Bxc5
21. Rac1 Bxd4 22. Rxd4 Ba8 23. Rxc7 Rb2 24. Rdd7 Bxe4 25. Rxg7+ Kh8 26. Rge7
Rd8 27. Bd4 Rxg2+ 28. Kf1 Rxd4 29. Rxe4 Rxe4 30. Kxg2 Rxf4 31. Kg3 Ra4 32. Ra7
Rxa2 33. h4 h5 34. Kf4 Rf2+ 35. Ke4 Rh2 36. Kf5 Rxh4 37. Kxf6 Rg4 38. Rxa5 h4
1/2-1/2

[Event "59. BEM 2005"]
[Site "Dortmund"]
[Date "2005.03.14"]
[Round "7"]
[White "Goldschmidt, Christian"]
[Black "Naundorf, Maik"]
[Result "0-1"]
[WhiteElo "2070"]
[BlackElo "2075"]
[PlyCount "80"]
[EventDate "2005.??.??"]
[Source "SG Dortmund"]
[SourceDate "2004.12.16"]

1. e4 c5 2. c4 Nc6 3. Ne2 g6 4. d4 cxd4 5. Nxd4 Bg7 6. Nc2 Nf6 7. Nc3 d6 8. Be2
Nd7 9. Bd2 O-O 10. O-O Nc5 11. b4 Ne6 12. Rb1 a5 13. a3 axb4 14. axb4 Ncd4 15.
Be3 Nxc2 16. Qxc2 Nd4 17. Qd2 e5 18. Rfd1 Bd7 19. Nb5 Bxb5 20. cxb5 Qd7 21. Bc4
Rfc8 22. Rdc1 h5 23. h3 Kh7 24. Kh2 f5 25. f3 Ra3 26. Bd5 Rxc1 27. Qxc1 Nxb5
28. Ra1 Rc3 29. Ra8 f4 30. Bg8+ Kh6 31. Bxf4+ exf4 32. Qd2 Nd4 33. Qxc3 Qb5 34.
Qc4 Qg5 35. Ra1 Qg3+ 36. Kh1 Nxf3 37. gxf3 Qxh3+ 38. Kg1 Qg3+ 39. Kf1 Qxf3+ 40.
Ke1 Bc3+ 0-1

[Event "59. BEM 2005"]
[Site "Dortmund"]
[Date "2005.03.14"]
[Round "7"]
[White "Hein, Erwin"]
[Black "Schiefelbusch, Dirk"]
[Result "1-0"]
[WhiteElo "1966"]
[BlackElo "2061"]
[PlyCount "117"]
[EventDate "2005.??.??"]
[Source "SG Dortmund"]
[SourceDate "2004.12.16"]

1. d4 d5 2. Nf3 Nf6 3. c4 c6 4. Nc3 dxc4 5. a4 Bf5 6. e3 e6 7. Bxc4 Bb4 8. O-O
O-O 9. Ne5 Nbd7 10. Nxd7 Qxd7 11. Qe2 a5 12. Rd1 Bg6 13. Bd2 Qc7 14. Be1 Rad8
15. f3 Bd6 16. g3 Nd5 17. Rac1 Qe7 18. Ne4 Bb4 19. Nc5 Bxe1 20. Qxe1 Nb4 21. e4
Rfe8 22. Qe3 h6 23. Nd3 Nxd3 24. Rxd3 Rd7 25. Qd2 Qd8 26. Kg2 Qb6 27. Rd1 Red8
28. Qc3 Kh8 29. R3d2 Bh7 30. Ba2 Bg8 31. Bc4 Bh7 32. Ba2 Qa7 33. Qc4 e5 34. d5
f5 35. Bb1 Bg8 36. Qc3 fxe4 37. fxe4 cxd5 38. Qxe5 Qe3 39. Qf4 Qb3 40. e5 Rf7
41. Qd4 Qf3+ 42. Kg1 Rc7 43. Qb6 Rdc8 44. Rf1 Qh5 45. Bf5 Rc6 46. Qxb7 R8c7 47.
Qb8 g6 48. Be6 Rxe6 49. Qxc7 Rxe5 50. Qc3 Kh7 51. Rdf2 Qg5 52. Qxa5 Qe3 53. Qd2
Qa7 54. a5 Be6 55. Qb4 Bf5 56. Qb6 Qe7 57. a6 Bc8 58. a7 Re6 59. a8=Q 1-0

[Event "59. BEM 2005"]
[Site "Dortmund"]
[Date "2005.03.14"]
[Round "7"]
[White "Kalikhman, Grigorij"]
[Black "Tkachuk, Konstantyn"]
[Result "1/2-1/2"]
[WhiteElo "2017"]
[BlackElo "1871"]
[PlyCount "68"]
[EventDate "2005.??.??"]
[Source "SG Dortmund"]
[SourceDate "2004.12.16"]

1. e4 c5 2. Nf3 d6 3. c4 e5 4. Nc3 Nc6 5. Be2 f5 6. d3 Nf6 7. Bg5 Be7 8. Qd2
O-O 9. O-O-O Be6 10. Bxf6 Bxf6 11. h4 Nd4 12. exf5 Bxf5 13. Nd5 Be6 14. Nxf6+
Rxf6 15. Nxd4 cxd4 16. Bf3 Rb8 17. Qb4 Rf7 18. b3 b5 19. cxb5 a6 20. a4 axb5
21. a5 Ra7 22. Kb2 Qxa5 23. Qxa5 Rxa5 24. Ra1 Rxa1 25. Rxa1 Rc8 26. Ra6 Rc3 27.
Rxd6 Bxb3 28. Rb6 Ba4 29. Be4 Rc2+ 30. Ka3 Rxf2 31. Rb8+ Kf7 32. Rb7+ Kf6 33.
Rb6+ Ke7 34. Rb7+ Kf6 1/2-1/2

[Event "59. BEM 2005"]
[Site "Dortmund"]
[Date "2005.03.14"]
[Round "7"]
[White "Woestmann, Ulrich"]
[Black "Barskij, Aleksandr"]
[Result "1-0"]
[WhiteElo "2017"]
[BlackElo "1825"]
[PlyCount "87"]
[EventDate "2005.??.??"]
[Source "SG Dortmund"]
[SourceDate "2004.12.16"]

1. e4 c5 2. c3 d5 3. exd5 Qxd5 4. d4 Nf6 5. Nf3 Bg4 6. Be2 e6 7. c4 Qd8 8. h3
Bh5 9. Nc3 cxd4 10. Nxd4 Bxe2 11. Qa4+ Qd7 12. Kxe2 Qxa4 13. Nxa4 Nbd7 14. Nb5
Rc8 15. b3 a6 16. Nd4 Ne4 17. Be3 Nec5 18. Nxc5 Bxc5 19. Rhd1 Ke7 20. a3 f5 21.
Ra2 Rhd8 22. b4 Bxd4 23. Rxd4 e5 24. Rd5 f4 25. Ba7 Rxc4 26. Rad2 Rcc8 27. f3
h6 28. a4 Ra8 29. Bf2 Rac8 30. a5 Nf8 31. Bc5+ Rxc5 32. Rxc5 Rxd2+ 33. Kxd2 Kd6
34. Rc8 Ne6 35. Kd3 Nd4 36. Rf8 Ne6 37. Rf7 g5 38. Rxb7 Nd4 39. Rb6+ Ke7 40.
Rxa6 Nf5 41. Ke4 Nh4 42. Rxh6 Nxg2 43. a6 g4 44. hxg4 1-0

[Event "59. BEM 2005"]
[Site "Dortmund"]
[Date "2005.03.14"]
[Round "7"]
[White "Völler, Lothar"]
[Black "Starp, Klaus"]
[Result "0-1"]
[WhiteElo "1565"]
[BlackElo "1912"]
[PlyCount "62"]
[EventDate "2005.??.??"]
[Source "SG Dortmund"]
[SourceDate "2004.12.16"]

1. e4 c5 2. c3 d5 3. exd5 Qxd5 4. d4 Nc6 5. Nf3 cxd4 6. Nxd4 Nf6 7. Na3 a6 8.
Nac2 Nxd4 9. Qxd4 e5 10. Qxd5 Nxd5 11. Bc4 Be6 12. O-O Bc5 13. Bg5 h6 14. Bh4
g5 15. Bg3 f6 16. Rad1 Rd8 17. Ne3 Nxe3 18. Rxd8+ Kxd8 19. Bxe6 Nxf1 20. Kxf1
Kc7 21. c4 Kd6 22. Bd5 b5 23. h4 Rb8 24. b3 a5 25. hxg5 hxg5 26. f3 Rh8 27. Be1
b4 28. Ke2 Rh2 29. f4 gxf4 30. Kf3 f5 31. Bf7 Be3 0-1

[Event "59. BEM 2005"]
[Site "Dortmund"]
[Date "2005.03.14"]
[Round "7"]
[White "Ewers, Christian"]
[Black "Ziperstein, Jakob"]
[Result "1/2-1/2"]
[WhiteElo "1671"]
[BlackElo "1902"]
[PlyCount "46"]
[EventDate "2005.??.??"]
[Source "SG Dortmund"]
[SourceDate "2004.12.16"]

1. e4 g6 2. d4 Bg7 3. Nc3 d6 4. Bg5 Nf6 5. e5 dxe5 6. dxe5 Qxd1+ 7. Rxd1 Ng4 8.
Nd5 Bxe5 9. f4 Bd6 10. Bxe7 Be6 11. Bxd6 Bxd5 12. Rxd5 cxd6 13. Rxd6 O-O 14.
Be2 Re8 15. h3 Ne3 16. Kf2 Nc6 17. c3 Re7 18. Nf3 Nxg2 19. f5 Nf4 20. Bf1 Rd8
21. Rxd8+ Nxd8 22. Nd4 Kg7 23. Rg1 Kf6 1/2-1/2

[Event "59. BEM 2005"]
[Site "Dortmund"]
[Date "2005.03.14"]
[Round "7"]
[White "Gorzinski, Dariusz"]
[Black "Grube, Jörg"]
[Result "1-0"]
[WhiteElo "1885"]
[BlackElo "1819"]
[PlyCount "27"]
[EventDate "2005.??.??"]
[Source "SG Dortmund"]
[SourceDate "2004.12.16"]

1. c4 Nf6 2. g3 g6 3. Bg2 Bg7 4. Nc3 O-O 5. e4 d6 6. Nge2 e5 7. O-O Be6 8. d3
Qd7 9. f4 Nc6 10. Nd5 Ne8 11. Ne3 Bh6 12. Kh1 Ng7 13. Nd5 Bg4 14. Nf6+ 1-0

[Event "59. BEM 2005"]
[Site "Dortmund"]
[Date "2005.03.14"]
[Round "7"]
[White "Szyszka, Arkadiusz"]
[Black "Krüger, Georg"]
[Result "1-0"]
[WhiteElo "1865"]
[BlackElo "1706"]
[PlyCount "59"]
[EventDate "2005.??.??"]
[Source "SG Dortmund"]
[SourceDate "2004.12.16"]

1. d4 Nf6 2. c4 e6 3. Nc3 d5 4. Bg5 Be7 5. e3 O-O 6. Nf3 h6 7. Bh4 b6 8. cxd5
exd5 9. Bd3 Bb7 10. O-O Nbd7 11. Rc1 c5 12. h3 Ne4 13. Bxe7 Qxe7 14. Bb5 Nxc3
15. bxc3 Rfd8 16. Bxd7 Qxd7 17. Re1 Qe6 18. Ne5 cxd4 19. exd4 Rac8 20. Qd3 Re8
21. Re3 Qd6 22. Rg3 Re7 23. f4 Rce8 24. Rf1 f6 25. Qg6 Qe6 26. f5 Qd6 27. Qxh6
Bc8 28. Qg6 Qc7 29. Ng4 Qd6 30. Nxf6+ 1-0

[Event "59. BEM 2005"]
[Site "Dortmund"]
[Date "2005.03.14"]
[Round "7"]
[White "Kolodziej, Dennis"]
[Black "Raabe, Heinz"]
[Result "1-0"]
[WhiteElo "1644"]
[BlackElo "1858"]
[PlyCount "125"]
[EventDate "2005.??.??"]
[Source "SG Dortmund"]
[SourceDate "2004.12.16"]

1. e4 c5 2. Nf3 a6 3. c3 d5 4. exd5 Qxd5 5. d4 cxd4 6. cxd4 Nf6 7. Nc3 Qd8 8.
Be2 e6 9. Bg5 Be7 10. O-O O-O 11. Rc1 Nc6 12. Bd3 h6 13. Bh4 Bd7 14. Bb1 Rc8
15. a3 g6 16. Qd3 Nd5 17. Bg3 Bf6 18. Ne4 Be7 19. h4 f5 20. Nc5 Bxc5 21. dxc5
Qf6 22. Bd6 Rfe8 23. b4 Qf7 24. Rfd1 Rcd8 25. Ba2 Qf6 26. Bxd5 exd5 27. Qxd5+
Be6 28. Qd2 Bf7 29. Qxh6 Qg7 30. Qxg7+ Kxg7 31. Re1 Bd5 32. Ne5 Nxe5 33. Rxe5
Bc6 34. Rce1 Rxe5 35. Rxe5 Kf6 36. Kf1 Re8 37. Rxe8 Bxe8 38. f3 Bb5+ 39. Kf2
Ke6 40. Ke3 Kd5 41. g4 fxg4 42. fxg4 Be8 43. Kf4 Kc4 44. Kg5 Kb3 45. Bc7 Kc4
46. h5 gxh5 47. gxh5 Ba4 48. h6 Bc2 49. Kf6 Kb3 50. Kg7 Kxa3 51. Ba5 Ka4 52. h7
Bxh7 53. Kxh7 Kb5 54. Kg6 b6 55. cxb6 Kc6 56. Kf6 Kb7 57. Ke6 Kb8 58. Kd6 Kb7
59. Kc5 Ka8 60. Kc6 Kb8 61. b7 Ka7 62. Bb6+ Kb8 63. Bc7+ 1-0

[Event "59. BEM 2005"]
[Site "Dortmund"]
[Date "2005.03.14"]
[Round "7"]
[White "Kleymann, Jelena"]
[Black "Gegner, Michael"]
[Result "1-0"]
[WhiteElo "1848"]
[BlackElo "1397"]
[PlyCount "49"]
[EventDate "2005.??.??"]
[Source "SG Dortmund"]
[SourceDate "2004.12.16"]

1. e4 e6 2. d4 d5 3. Nc3 Nf6 4. e5 Nfd7 5. f4 c5 6. Nf3 Nc6 7. Be3 cxd4 8. Nxd4
Bc5 9. Qd2 a6 10. Nce2 Qb6 11. c3 Nf8 12. b4 Bxd4 13. Nxd4 Nxd4 14. Bxd4 Qc7
15. Bd3 b5 16. a4 bxa4 17. Rxa4 Nd7 18. Qf2 Qc6 19. Ra5 O-O 20. O-O Bb7 21. Qh4
g6 22. Rf3 Kg7 23. Rh3 Rh8 24. Qh6+ Kg8 25. f5 1-0

[Event "59. BEM 2005"]
[Site "Dortmund"]
[Date "2005.03.14"]
[Round "7"]
[White "Orlowski, Wilfried"]
[Black "Volmer, Martin"]
[Result "1-0"]
[WhiteElo "1611"]
[BlackElo "1772"]
[PlyCount "97"]
[EventDate "2005.??.??"]
[Source "SG Dortmund"]
[SourceDate "2004.12.16"]

1. c4 e5 2. Nc3 Nf6 3. d3 Nc6 4. e4 Be7 5. Be2 Nd4 6. Nf3 d6 7. h3 O-O 8. O-O
c5 9. Nh2 Ne8 10. f4 f5 11. Bf3 Rb8 12. Nd5 Bh4 13. Be3 Bg3 14. Bxd4 cxd4 15.
fxe5 dxe5 16. exf5 Bxf5 17. Bg4 Nd6 18. c5 Bxg4 19. Rxf8+ Qxf8 20. Nxg4 Nf5 21.
Qf3 Qf7 22. Rf1 g6 23. Ndf6+ Kh8 24. Qd5 Qxd5 25. Nxd5 h5 26. Ngf6 Rd8 27. b4
Kg7 28. Nxh5+ gxh5 29. Rxf5 h4 30. Nc7 Kg6 31. Rf1 Rd7 32. Nb5 a6 33. Nd6 b6
34. Ne4 Bf4 35. Kf2 bxc5 36. Nxc5 Rd6 37. Kf3 Rb6 38. a3 Kf5 39. Rf2 a5 40. Rb2
axb4 41. Rxb4 Rg6 42. Ne4 Ra6 43. a4 Ra5 44. Nd6+ Ke6 45. Nc4 Ra7 46. a5 Kd5
47. Rb5+ Ke6 48. Ke4 Rg7 49. Rb6+ 1-0

[Event "59. BEM 2005"]
[Site "Dortmund"]
[Date "2005.03.14"]
[Round "7"]
[White "Riemann, Kai"]
[Black "Sonntag, Joachim"]
[Result "1/2-1/2"]
[WhiteElo "1593"]
[BlackElo "1757"]
[PlyCount "95"]
[EventDate "2005.??.??"]
[Source "SG Dortmund"]
[SourceDate "2004.12.16"]

1. Nf3 c5 2. g3 Nc6 3. Bg2 Nf6 4. d3 d5 5. Nbd2 e6 6. O-O Be7 7. a3 O-O 8. c4
Qc7 9. b3 Bd7 10. Bb2 Rad8 11. Qc2 Nh5 12. Rfe1 b6 13. e3 Bf6 14. Bxf6 Nxf6 15.
Rab1 a5 16. d4 Qd6 17. cxd5 exd5 18. dxc5 bxc5 19. Rbc1 c4 20. bxc4 Qxa3 21.
cxd5 Nb4 22. Qc3 Qxc3 23. Rxc3 Nfxd5 24. Rc5 a4 25. Ne5 Be6 26. Bxd5 Bxd5 27.
Ra1 f6 28. Rxa4 Ba8 29. Nec4 Nd3 30. Rc7 Rc8 31. Raa7 Rxc7 32. Rxc7 Bd5 33. e4
Be6 34. Kf1 f5 35. exf5 Bxf5 36. Nd6 Bh3+ 37. Ke2 Nxf2 38. Rf7 Ng4 39. Rxf8+
Kxf8 40. Nf3 Ke7 41. Nf5+ Kf6 42. Ne3 Nxe3 43. Kxe3 g5 44. Ng1 Bg2 45. Kf2 Bc6
46. h4 g4 47. Ne2 Ke5 48. Ke3 1/2-1/2

[Event "59. BEM 2005"]
[Site "Dortmund"]
[Date "2005.03.14"]
[Round "7"]
[White "Gülicher, Michael"]
[Black "Morgenroth, Hubertus"]
[Result "1-0"]
[WhiteElo "1540"]
[BlackElo "1724"]
[PlyCount "73"]
[EventDate "2005.??.??"]
[Source "SG Dortmund"]
[SourceDate "2004.12.16"]

1. e4 e5 2. Nf3 Nc6 3. Be2 Bc5 4. O-O d6 5. c3 Bg4 6. Nxe5 Bxe2 7. Nxc6 Bxd1 8.
Nxd8 Be2 9. Nxb7 Bxf1 10. Nxc5 Bb5 11. a4 Bc6 12. Na6 Rc8 13. f3 Nf6 14. d4 Bb7
15. Nb4 c5 16. Nc2 Ba6 17. Nba3 Bd3 18. Ne1 Ba6 19. Nec2 O-O 20. d5 Rb8 21. Nb1
Nd7 22. b4 Bd3 23. Nba3 Rfc8 24. b5 f5 25. exf5 Bxf5 26. Bf4 Re8 27. Bxd6 Rb6
28. Bf4 Bxc2 29. Nxc2 Rf6 30. Bg3 Re2 31. Na3 Ne5 32. Kf1 Rd2 33. Bxe5 Rf5 34.
Nc4 Rxd5 35. Bg3 Rd3 36. Rc1 Rfd5 37. a5 1-0

[Event "59. BEM 2005"]
[Site "Dortmund"]
[Date "2005.03.14"]
[Round "7"]
[White "Schultz, Bernfried"]
[Black "Flierdl, Lothar"]
[Result "1-0"]
[WhiteElo "1717"]
[BlackElo "1634"]
[PlyCount "85"]
[EventDate "2005.??.??"]
[Source "SG Dortmund"]
[SourceDate "2004.12.16"]

1. e4 e6 2. d4 d5 3. Nc3 dxe4 4. Nxe4 Nf6 5. Bg5 Be7 6. Bxf6 Bxf6 7. Nf3 O-O 8.
c3 b6 9. Bd3 Bb7 10. Qc2 g6 11. h4 Kg7 12. h5 Nd7 13. g4 c5 14. g5 Be7 15.
O-O-O cxd4 16. hxg6 hxg6 17. Nxd4 Bxg5+ 18. Kb1 Bf4 19. Rdg1 Rh8 20. Rxg6+ Kxg6
21. Rg1+ Kh6 22. Qd1 Nf6 23. Rh1+ Kg7 24. Qg1+ Ng4 25. Qxg4+ Bg5 26. Rg1 Kf8
27. Nxg5 Qf6 28. Ngxe6+ fxe6 29. Nxe6+ Ke7 30. Nc7 Rag8 31. Re1+ Kd8 32. Ne6+
Kc8 33. Qc4+ Kb8 34. Qc7+ Ka8 35. Qd6 Qf7 36. Nc7+ Kb8 37. Re7 Rh1+ 38. Kc2
Qxf2+ 39. Kb3 a5 40. Nb5+ Ka8 41. Be4 a4+ 42. Ka3 Rb8 43. Rxb7 1-0

[Event "59. BEM 2005"]
[Site "Dortmund"]
[Date "2005.03.14"]
[Round "7"]
[White "Klein, Hans-Joachim"]
[Black "Martini, Heiko"]
[Result "0-1"]
[WhiteElo "1709"]
[BlackElo "1481"]
[PlyCount "82"]
[EventDate "2005.??.??"]
[Source "SG Dortmund"]
[SourceDate "2004.12.16"]

1. d4 d5 2. Bf4 Nf6 3. e3 e6 4. a3 Bd6 5. Bg3 O-O 6. c4 Ne4 7. c5 Nxg3 8. hxg3
Be7 9. Bd3 g6 10. Nf3 Nc6 11. b4 a6 12. Nc3 Bf6 13. Ke2 e5 14. dxe5 Nxe5 15.
Nd4 Re8 16. Bc2 Nc6 17. Nxc6 bxc6 18. Qd2 d4 19. e4 dxc3 20. Qh6 Qd2+ 21. Qxd2
cxd2 22. Rad1 Bb2 23. a4 Bc3 24. Rb1 Rb8 25. Rb3 Bxb4 26. Rhb1 a5 27. f3 Be6
28. R3b2 f5 29. e5 Bc4+ 30. Ke3 Bxc5+ 31. Kf4 Rxb2 32. Rxb2 Bb4 33. Rb1 Kg7 34.
Ke3 Rd8 35. f4 h6 36. Rh1 g5 37. fxg5 hxg5 38. g4 f4+ 39. Ke4 Bd5+ 40. Kf5 Rf8+
41. Kxg5 Be7+ 0-1

[Event "59. BEM 2005"]
[Site "Dortmund"]
[Date "2005.03.14"]
[Round "7"]
[White "Mueller, Siegfried"]
[Black "Ziemek, Gerhard"]
[Result "1/2-1/2"]
[WhiteElo "1434"]
[BlackElo "1694"]
[PlyCount "115"]
[EventDate "2005.??.??"]
[Source "SG Dortmund"]
[SourceDate "2004.12.16"]

1. Nf3 Nf6 2. c4 g6 3. g3 Bg7 4. Bg2 c6 5. Nc3 O-O 6. O-O d5 7. cxd5 cxd5 8. d4
Nc6 9. a3 Bg4 10. Bf4 Nh5 11. Be3 h6 12. Qd2 Kh7 13. h3 Bxf3 14. Bxf3 Nf6 15.
Rac1 a6 16. Na4 Na5 17. Qb4 b5 18. Nc5 Nc4 19. b3 Nxe3 20. fxe3 Qb6 21. Qd2 Qd6
22. Kg2 Rfe8 23. b4 e5 24. Nb7 Qb8 25. dxe5 Rxe5 26. Nc5 Qb6 27. Qd4 Qd6 28.
Nd3 Re4 29. Qc5 Qxc5 30. Rxc5 Rxe3 31. Kf2 Rae8 32. Rc6 R8e6 33. Rfc1 h5 34.
Rc7 g5 35. Rxf7 Kg6 36. Rcc7 Bh6 37. g4 Re8 38. Ra7 d4 39. Rfc7 hxg4 40. hxg4
Bf8 41. Rxa6 Rd8 42. Rb7 Rc8 43. Rxb5 Rc2 44. Ne5+ Kg7 45. Rb7+ Kg8 46. Rxf6
Rxe5 47. Rg6+ Kh8 48. Rd7 Ra2 49. Ra6 Re8 50. Rd5 Bxb4 51. Rh6+ Kg7 52. Ra6
Rxa3 53. Rd7+ Re7 54. Rxe7+ Bxe7 55. Rxa3 Bxa3 56. Be4 Bc5 57. Kf3 Kf6 58. Bd3
1/2-1/2

[Event "59. BEM 2005"]
[Site "Dortmund"]
[Date "2005.03.14"]
[Round "7"]
[White "Schrimpl, Michael"]
[Black "Rzoczek, Christoph"]
[Result "0-1"]
[WhiteElo "1414"]
[BlackElo "1607"]
[PlyCount "90"]
[EventDate "2005.??.??"]
[Source "SG Dortmund"]
[SourceDate "2004.12.16"]

1. c4 e6 2. Nc3 Nf6 3. e4 d6 4. d4 Be7 5. Nf3 O-O 6. Bf4 Nbd7 7. a3 h6 8. e5
Nh7 9. Bd3 f5 10. exf6 Ndxf6 11. Bg6 Nh5 12. Bxh6 gxh6 13. Bxh5 d5 14. Qc2 Rf6
15. c5 Bd7 16. Ne2 Qf8 17. Ng3 Be8 18. Qe2 Ng5 19. Nxg5 hxg5 20. Bxe8 Rxe8 21.
Rf1 Bd8 22. O-O-O b6 23. b4 Re7 24. Rd2 bxc5 25. bxc5 c6 26. Rb2 Bc7 27. Qg4
Bf4+ 28. Kc2 Qh6 29. Nh5 Qg6+ 30. Kc3 Rf8 31. Nxf4 Rxf4 32. Qe2 Re4 33. Rb8+
Re8 34. Qb2 e5 35. Rxe8+ Qxe8 36. Rd1 exd4+ 37. Rxd4 Qe5 38. Qb4 Re2 39. Kd3
Rxf2 40. Kc3 Qe3+ 41. Rd3 Qc1+ 42. Kd4 Rf4+ 43. Ke5 Rxb4 44. axb4 Qf4+ 45. Ke6
Qe4+ 0-1

[Event "59. BEM 2005"]
[Site "Dortmund"]
[Date "2005.03.14"]
[Round "7"]
[White "Merle, Peter"]
[Black "Krause, Dieter"]
[Result "1/2-1/2"]
[WhiteElo "1486"]
[BlackElo "1835"]
[PlyCount "162"]
[EventDate "2005.??.??"]
[Source "SG Dortmund"]
[SourceDate "2004.12.16"]

1. d4 g6 2. Nf3 Nf6 3. e3 Bg7 4. Be2 O-O 5. O-O d6 6. Nc3 Nbd7 7. Bd2 c6 8. a3
e5 9. dxe5 dxe5 10. h3 e4 11. Nd4 Ne5 12. f4 exf3 13. Nxf3 Qc7 14. Qe1 Bf5 15.
Nxe5 Qxe5 16. Bd3 Be6 17. e4 Nd7 18. Bf4 Qd4+ 19. Be3 Qd6 20. Rd1 Qe7 21. Be2
Rfd8 22. Bf3 b6 23. a4 Bc4 24. Rf2 Ne5 25. Rxd8+ Rxd8 26. b3 Nxf3+ 27. Rxf3 Ba6
28. Kh1 Qe5 29. Bd2 Qd4 30. Bc1 Rd7 31. Bf4 Be5 32. Bc1 Qb4 33. Bd2 Qd6 34. Be3
Qb4 35. Bd2 Qf8 36. Be3 Qd8 37. Bf4 Bxf4 38. Rxf4 Rd2 39. Rf2 Rd7 40. Qe3 Bb7
41. Qf4 Ba6 42. Qe3 Bb7 43. Qf4 Qc7 44. Qe3 Qe5 45. Rd2 Rxd2 46. Qxd2 c5 47.
Nd5 Kg7 48. Nc3 h5 49. Kg1 Bc6 50. Qd3 Qf4 51. Nd5 Qe5 52. Nc3 h4 53. Kf2 Qf4+
54. Kg1 g5 55. Nd5 Qe5 56. Nc3 Bb7 57. Kf2 Qf4+ 58. Kg1 Qe5 59. Kf2 Kf6 60.
Qd8+ Kg7 61. Qd3 Qd4+ 62. Kf1 Qxd3+ 63. cxd3 Kf6 64. Kf2 Ke5 65. Ke3 f5 66. Nb5
fxe4 67. d4+ cxd4+ 68. Nxd4 Bd5 69. b4 a6 70. a5 bxa5 71. bxa5 Bc4 72. Nc6+ Kd6
73. Nd4 Bf1 74. Kf2 Kd5 75. Nc2 Bd3 76. Nb4+ Kc5 77. Na2 Kb5 78. g3 hxg3+ 79.
Kxg3 Kxa5 80. Kg4 Bf1 81. Kxg5 Bxh3 1/2-1/2

[Event "59. BEM 2005"]
[Site "Dortmund"]
[Date "2005.03.14"]
[Round "7"]
[White "Noori, Mir Ahmad"]
[Black "Kartsev, Alexandr"]
[Result "1-0"]
[WhiteElo "1627"]
[BlackElo "1494"]
[PlyCount "97"]
[EventDate "2005.??.??"]
[Source "SG Dortmund"]
[SourceDate "2004.12.16"]

1. d4 Nf6 2. Nf3 c5 3. c3 b6 4. e3 Bb7 5. Be2 e6 6. b3 Qc7 7. Bb2 h5 8. h3 d6
9. Nbd2 Nbd7 10. Rc1 Be7 11. c4 O-O-O 12. a3 Rdg8 13. b4 g5 14. bxc5 dxc5 15.
Nb3 g4 16. Nh4 gxh3 17. Rxh3 Bxg2 18. Nxg2 Rxg2 19. Rh1 h4 20. Bf1 Rg6 21. Qf3
Qb7 22. d5 exd5 23. cxd5 Rh5 24. e4 Bd6 25. Bh3 Be5 26. Rc2 Bxb2 27. Rxb2 Re5
28. Bf5 Rh6 29. Qf4 Rh8 30. Qxe5 Rh6 31. Nxc5 Qc7 32. Qxc7+ Kxc7 33. Nxd7 Nxd7
34. Bxd7 Kxd7 35. Ke2 Kd6 36. Ke3 f5 37. f3 Ke5 38. Rbh2 fxe4 39. fxe4 Rg6 40.
Rh3 Rg4 41. Rxh4 Rg3+ 42. Kf2 Rxa3 43. Rd1 Kd6 44. Rh6+ Ke7 45. d6+ Kd8 46. Rh7
Ra4 47. Kf3 b5 48. Rg1 Ra3+ 49. Kf4 1-0

[Event "59. BEM 2005"]
[Site "Dortmund"]
[Date "2005.03.14"]
[Round "7"]
[White "Raszelenberg, Patrick"]
[Black "Baier, Jörg"]
[Result "1-0"]
[WhiteElo "1585"]
[BlackElo "1401"]
[PlyCount "57"]
[EventDate "2005.??.??"]
[Source "SG Dortmund"]
[SourceDate "2004.12.16"]

1. e4 e5 2. Nf3 Nc6 3. Bb5 a6 4. Ba4 Nf6 5. O-O b5 6. Bb3 d6 7. Re1 Na5 8. d4
Nxb3 9. axb3 Bg4 10. dxe5 Bxf3 11. Qxf3 dxe5 12. Rd1 Bd6 13. c4 bxc4 14. bxc4
Qe7 15. Bg5 h6 16. Bh4 g5 17. Bg3 g4 18. Qd3 Nh5 19. Nc3 O-O 20. Nd5 Qg5 21. b4
c6 22. c5 Bxc5 23. bxc5 cxd5 24. exd5 f5 25. Bxe5 f4 26. Bc3 g3 27. Rxa6 gxh2+
28. Kh1 Rae8 29. Rg6+ 1-0

[Event "59. BEM 2005"]
[Site "Dortmund"]
[Date "2005.03.14"]
[Round "7"]
[White "Werninghaus, Klaus-Peter"]
[Black "Skoecz, Horst"]
[Result "1-0"]
[WhiteElo "1533"]
[BlackElo "1455"]
[PlyCount "92"]
[EventDate "2005.??.??"]
[Source "SG Dortmund"]
[SourceDate "2004.12.16"]

1. c4 c6 2. Nc3 d6 3. g3 Nf6 4. Bg2 e5 5. d3 Be7 6. Nf3 O-O 7. O-O Qc7 8. b3 a6
9. Bb2 Bg4 10. Rc1 Qd7 11. Qc2 Bf5 12. e4 Bh3 13. d4 Bxg2 14. Kxg2 Qg4 15. dxe5
Nh5 16. Ne2 f5 17. exf5 Rxf5 18. Qd3 Rf4 19. h3 Rxf3 20. Qxf3 Qxf3+ 21. Kxf3
dxe5 22. Rcd1 c5 23. Bxe5 Nc6 24. Bc3 b5 25. Kg2 b4 26. Bb2 a5 27. Nc1 a4 28.
Rfe1 Bf6 29. Bxf6 Nxf6 30. Nd3 axb3 31. axb3 Ra3 32. Nxc5 Kf7 33. Ra1 Nd4 34.
Rxa3 bxa3 35. Ra1 Nc2 36. Ra2 Ne1+ 37. Kf1 Nf3 38. Rxa3 Nd2+ 39. Ke2 Nfe4 40.
Nxe4 Nxe4 41. b4 Kf6 42. Rf3+ Kg6 43. h4 h5 44. c5 Kh7 45. Kd3 Nf6 46. Rxf6
gxf6 1-0